000 00308 a2200145 4500
001 165833
020 _a
040 _cMagnum
100 _aGuedes, Hardy
240 1 0 _aO negrinho do pastoreio
_lpor
245 1 0 _aO negrinho do pastoreio
362 0 _a1899
697 _aIJ/LENDAS, FOLCLORE
942 _cBK
999 _c165833
_d165833